| 000 | 00684nam a2200205Ia 4500 | ||
|---|---|---|---|
| 003 | IN-BaIIA | ||
| 008 | 211028s9999 xx 000 0 eng d | ||
| 040 | _cIIA Library | ||
| 080 |
_a520.8(082.2) _bINS |
||
| 245 | 0 |
_aInstrumentation in astronomy _cedited by Lewis Larmore and Robert W. Poindexter |
|
| 260 |
_aU.S.A _bThe International Society for Optical Engineering _c1972 |
||
| 300 | _aix, 304p. | ||
| 490 | _aSPIE; v. 28 | ||
| 650 |
_a Astronomical instrumentation _98058 |
||
| 650 |
_a Instrumentation _98059 |
||
| 650 |
_aAstronomy and Astrophysics Thesaurus _91143 |
||
| 700 |
_aLarmore, Lewis., ed. _98060 |
||
| 700 |
_aPoindexter, Robert W., ed. _98061 |
||
| 942 | _cBK | ||
| 999 |
_c4579 _d4579 |
||